El príncipe valiente y los tres desafíos

में बचाया:
ग्रंथसूची विवरण
मुख्य लेखक: Foster, Harold (लेखक)
स्वरूप: पुस्तक
भाषा:स्पेनिश
प्रकाशित: Buenos Aires Acme 1969
विषय:
टैग: टैग जोड़ें
कोई टैग नहीं, इस रिकॉर्ड को टैग करने वाले पहले व्यक्ति बनें!

MARC

LEADER 00000nam a2200000 a 4500
001 UCZ7345
003 CL-VaPUC
008 951228e19690000AG |||||||||||||||||spa|d
082 0 4 |a 823  |b FOS  |2 21 
100 0 |a Foster, Harold  |e author  |9 352164 
245 1 3 |a El príncipe valiente y los tres desafíos 
300 |a 136 p 
942 |c BK 
945 |d 19951228 00:00:00  |a cmena 
260 |a Buenos Aires  |b Acme  |c 1969 
650 0 |a Novelas inglesas  |9 265220 
650 0 |a Literatura inglesa  |9 312907 
583 |a last modification  |c 19951228 00:00:00  |k Rodrigo Vera 
999 |c 243438  |d 243436 
952 |0 0  |1 0  |4 0  |6 823_000000000000000_FOS_1969  |7 0  |8 P  |9 257060  |a BIBEDU  |b BIBEDU  |c BIBEDU_PB  |d 2019-11-19  |i 1613715  |o 823 FOS 1969  |p 1613715  |r 2024-01-25  |w 2019-11-19  |y BK  |k EDU